| 000 | 00536nam a2200181 a 4500 | ||
|---|---|---|---|
| 005 | 20240924071152.0 | ||
| 008 | 991125s1947 mx 000 0 spa u | ||
| 035 | _aUPN01000005704 | ||
| 049 | _aSEP | ||
| 050 | 4 |
_aZ675 S3 _bM3.2 |
|
| 100 | 1 |
_aManrique de Lara, Juana, _d1899-1984 _929032 |
|
| 245 | 1 | 0 |
_aBibliotecas escolares y literatura infantil / _cpor Juana Manrique de Lara. |
| 260 |
_aMéxico : _bSEP, _c1947. |
||
| 300 | _a132 p. | ||
| 650 | 2 |
_aBibliotecas escolares _92963 |
|
| 650 | 4 |
_aLiteratura infantil _94445 |
|
| 905 | _aLibro | ||
| 999 |
_c5704 _d5704 |
||